[Event "Chigorin Memorial 2008"]
[Site "St. Petersburg RUS"]
[Date "2008.10.09"]
[Round "7.15"]
[White "Rozum, Ivan"]
[Black "Malakhov, Igor"]
[Result "1-0"]
[WhiteElo "2439"]
[BlackElo "2346"]
[PlyCount "97"]
[EventDate "2008.10.03"]
[EventType "swiss"]
[EventRounds "9"]
[EventCountry "RUS"]
[Source "lmi"]
[SourceDate "2008.10.03"]

1. d4 Nf6 2. c4 c5 3. d5 e6 4. Nc3 exd5 5. cxd5 d6 6. e4 g6 7. h3 Bg7 8. Nf3
O-O 9. Bd3 b5 10. O-O a6 11. a3 Nbd7 12. Bf4 Qb6 13. Qd2 Re8 14. Rfe1 Nh5 15.
Bh2 Ne5 16. Nxe5 Bxe5 17. Bxe5 Rxe5 18. Kh2 Re8 19. Bc2 Qd8 20. b4 cxb4 21.
axb4 Qh4 22. Bd3 Bb7 23. Bf1 Rac8 24. Rac1 Rc7 25. g3 Qf6 26. f4 Rec8 27. Ne2
Qe7 28. Rxc7 Rxc7 29. Nc3 g5 30. Be2 gxf4 31. Bxh5 fxg3+ 32. Kh1 Qe5 33. Re3
Qxh5 34. Rxg3+ Kf8 35. Qf4 Qe5 36. Qh4 Rc8 37. Kg2 Ke8 38. Nd1 Bxd5 39. exd5
Qxd5+ 40. Rf3 Qxd1 41. Re3+ Kd7 42. Qe7+ Kc6 43. Rc3+ Kb6 44. Rxc8 Qd5+ 45. Kg3
Qd3+ 46. Kh4 Qd4+ 47. Kh5 Qd1+ 48. Kh6 Qd2+ 49. Kg7 1-0

[Event "Chigorin Memorial 2008"]
[Site "St. Petersburg RUS"]
[Date "2008.10.09"]
[Round "7.16"]
[White "Trushelyov, Victor"]
[Black "Lovkov, Roman"]
[Result "1/2-1/2"]
[WhiteElo "2340"]
[BlackElo "2434"]
[PlyCount "27"]
[EventDate "2008.10.03"]
[EventType "swiss"]
[EventRounds "9"]
[EventCountry "RUS"]
[Source "lmi"]
[SourceDate "2008.10.03"]

1. e4 c6 2. d4 d5 3. Nc3 dxe4 4. Nxe4 Bf5 5. Ng3 Bg6 6. h4 h6 7. Nf3 Nd7 8. h5
Bh7 9. Bd3 Bxd3 10. Qxd3 e6 11. Bd2 Qc7 12. O-O-O O-O-O 13. Qe2 c5 14. dxc5
1/2-1/2

[Event "Chigorin Memorial 2008"]
[Site "St. Petersburg RUS"]
[Date "2008.10.09"]
[Round "7.17"]
[White "Makarov, Marat"]
[Black "Kurilov, Viktor"]
[Result "0-1"]
[WhiteElo "2536"]
[BlackElo "2312"]
[PlyCount "100"]
[EventDate "2008.10.03"]
[EventType "swiss"]
[EventRounds "9"]
[EventCountry "RUS"]
[Source "lmi"]
[SourceDate "2008.10.03"]

1. d4 d5 2. Nf3 Nf6 3. c4 e6 4. Nc3 Nbd7 5. Bf4 c6 6. e3 Qa5 7. Bd3 dxc4 8.
Bxc4 Nd5 9. Rc1 Bb4 10. O-O Nxf4 11. exf4 O-O 12. Re1 Nf6 13. Ne5 Bd7 14. Qb3
Rad8 15. f5 b5 16. Bxe6 Be8 17. a3 Bd6 18. Ne2 fxe6 19. Nf4 Nd5 20. Nxe6 Bxe5
21. dxe5 Rxf5 22. Qh3 Ne7 23. Nxd8 Qxd8 24. e6 Qd2 25. Qg3 Qf4 26. f3 Qxg3 27.
hxg3 Rd5 28. Rcd1 h5 29. Kf2 Kh7 30. Ke3 Kg6 31. Rxd5 Nxd5+ 32. Kd4 Kf6 33. Kc5
Ke7 34. f4 g6 35. Kd4 Kd6 36. b4 Nc7 37. Ke4 Kxe6 38. Kf3+ Kf6 39. g4 hxg4+ 40.
Kxg4 Bf7 41. Kf3 Bd5+ 42. Kf2 Ne6 43. g3 Nd4 44. g4 Nc2 45. Rc1 Nxa3 46. Ke3 a5
47. bxa5 Nc4+ 48. Rxc4 Bxc4 49. Kd4 c5+ 50. Kxc5 Be2 0-1

[Event "Chigorin Memorial 2008"]
[Site "St. Petersburg RUS"]
[Date "2008.10.09"]
[Round "7.19"]
[White "Goganov, Aleksey"]
[Black "Sivokho, Sergey"]
[Result "1-0"]
[WhiteElo "2356"]
[BlackElo "2486"]
[PlyCount "109"]
[EventDate "2008.10.03"]
[EventType "swiss"]
[EventRounds "9"]
[EventCountry "RUS"]
[Source "lmi"]
[SourceDate "2008.10.03"]

1. d4 d5 2. c4 c6 3. Nc3 e6 4. e3 Bd6 5. Bd3 Nf6 6. Nf3 Nbd7 7. e4 dxe4 8. Nxe4
Nxe4 9. Bxe4 Nf6 10. Bc2 O-O 11. O-O b6 12. Bg5 Bb7 13. Qd3 g6 14. Rad1 Be7 15.
Ne5 Nd7 16. Bh6 Nxe5 17. dxe5 Qxd3 18. Bxd3 Rfd8 19. Be4 Rac8 20. b3 Ba8 21. g3
c5 22. Bxa8 Rxa8 23. Kg2 f5 24. exf6 Bxf6 25. Be3 Kf7 26. Kf3 Ke7 27. Ke4 Rac8
28. g4 Kf7 29. Bf4 Ke7 30. Be5 Bg5 31. f4 Bf6 32. Rg1 Kf7 33. h3 Ke7 34. h4 h5
35. Rxd8 Rxd8 36. gxh5 gxh5 37. Rg6 Bxh4 38. Rg7+ Ke8 39. Rxa7 Rd7 40. Ra8+ Kf7
41. Rh8 Kg6 42. Rg8+ Kh6 43. Re8 Be7 44. f5 exf5+ 45. Kxf5 Bh4 46. Rh8+ Rh7 47.
Rxh7+ Kxh7 48. Bc7 Kg7 49. Bxb6 Kf7 50. a4 Ke8 51. Bxc5 Bd8 52. b4 Kd7 53. a5
Kc6 54. a6 Kc7 55. b5 1-0

[Event "Chigorin Memorial 2008"]
[Site "St. Petersburg RUS"]
[Date "2008.10.09"]
[Round "7.20"]
[White "Domogaev, Sergey"]
[Black "Alavkin, Arseny"]
[Result "0-1"]
[WhiteElo "2354"]
[BlackElo "2476"]
[PlyCount "68"]
[EventDate "2008.10.03"]
[EventType "swiss"]
[EventRounds "9"]
[EventCountry "RUS"]
[Source "lmi"]
[SourceDate "2008.10.03"]

1. d4 Nf6 2. Nf3 d5 3. c4 dxc4 4. e3 Be6 5. Nc3 Nc6 6. Ng5 Bg4 7. f3 Bh5 8.
Bxc4 e6 9. O-O Be7 10. Nh3 Bd6 11. a3 O-O 12. b4 a6 13. Bb2 e5 14. dxe5 Nxe5
15. Be2 Qe7 16. e4 Rad8 17. Qc1 Nc6 18. Nf4 Nd4 19. Bd1 Bg6 20. g3 c6 21. Kg2
Rfe8 22. Nxg6 hxg6 23. f4 Bb8 24. e5 Nd5 25. Nxd5 Rxd5 26. Bxd4 Rxd4 27. Bg4
Bxe5 28. Re1 Qd8 29. Qe3 Rd3 30. Qe4 Rd4 31. Qe3 Rd2+ 32. Kh3 f5 33. Bf3 Kf7
34. Qb3+ Re6 0-1

[Event "Chigorin Memorial 2008"]
[Site "St. Petersburg RUS"]
[Date "2008.10.09"]
[Round "7.21"]
[White "Sudakova, Irina"]
[Black "Shimanov, Aleksandr"]
[Result "0-1"]
[WhiteElo "2349"]
[BlackElo "2476"]
[PlyCount "102"]
[EventDate "2008.10.03"]
[EventType "swiss"]
[EventRounds "9"]
[EventCountry "RUS"]
[Source "lmi"]
[SourceDate "2008.10.03"]

1. e4 c6 2. d4 d5 3. e5 Bf5 4. c3 e6 5. Be3 Nd7 6. Nd2 Ne7 7. f4 Bg6 8. Bf2 h5
9. Ngf3 Nf5 10. g3 Be7 11. Be2 c5 12. O-O a6 13. dxc5 Nxc5 14. b4 Ne4 15. Nxe4
dxe4 16. Nd4 e3 17. Be1 Qb6 18. Nxf5 Bxf5 19. Qd4 Bd8 20. Rf3 Qxd4 21. cxd4 Bb6
22. Bc3 Bg4 23. Rxe3 Bxe2 24. Rxe2 Rc8 25. Bb2 Rc4 26. Kg2 Kd7 27. d5 exd5 28.
Rd1 Kc6 29. e6 Re8 30. f5 fxe6 31. fxe6 Rxb4 32. Bxg7 Re4 33. Red2 Rg8 34. Bd4
Bxd4 35. Rxd4 Rxd4 36. Rxd4 Rg5 37. Rf4 Re5 38. Rf6 Kc5 39. Kf3 d4 40. Kf4 Re2
41. Rf5+ Kd6 42. Rf7 b5 43. Rd7+ Kxe6 44. Rxd4 Rxa2 45. Rd8 Rxh2 46. Rh8 Kd5
47. g4 Rh4 48. Rd8+ Kc4 49. Ra8 Rxg4+ 50. Kf5 b4 51. Rxa6 b3 0-1

[Event "Chigorin Memorial 2008"]
[Site "St. Petersburg RUS"]
[Date "2008.10.09"]
[Round "7.25"]
[White "Mikkelsen, Nikolaj"]
[Black "Duzhakov, Ilya"]
[Result "0-1"]
[WhiteElo "2441"]
[BlackElo "2276"]
[PlyCount "94"]
[EventDate "2008.10.03"]
[EventType "swiss"]
[EventRounds "9"]
[EventCountry "RUS"]
[Source "lmi"]
[SourceDate "2008.10.03"]

1. e4 c5 2. Nf3 d6 3. d4 Nf6 4. Nc3 cxd4 5. Qxd4 a6 6. Be3 Nc6 7. Qb6 Qxb6 8.
Bxb6 Bg4 9. Be2 e6 10. O-O Be7 11. Rad1 Rc8 12. Nd2 Bxe2 13. Nxe2 d5 14. Nc3
Nd7 15. Na4 dxe4 16. Nxe4 Nxb6 17. Nxb6 Rd8 18. c4 f5 19. Nc3 Nd4 20. Rfe1 Kf7
21. Rc1 Nc6 22. a3 Bg5 23. Rb1 Bf6 24. c5 Ne5 25. Re2 Rd4 26. b4 Rhd8 27. b5
Rd3 28. Rc2 axb5 29. Kf1 Nc4 30. Nxc4 bxc4 31. Nb5 Rb3 32. Rcc1 Rxb1 33. Rxb1
Kg6 34. Rc1 Rd5 35. Rxc4 Be7 36. c6 bxc6 37. Nc7 Rc5 38. Ra4 Kf7 39. Ra7 Rc1+
40. Ke2 Rc2+ 41. Kf1 Rxf2+ 42. Ke1 Rxg2 43. a4 f4 44. a5 f3 45. Na6 Kf6 46. Kf1
Ra2 47. Nb8 Ra1+ 0-1

[Event "Chigorin Memorial 2008"]
[Site "St. Petersburg RUS"]
[Date "2008.10.09"]
[Round "7.26"]
[White "Kotenko, Pavel"]
[Black "Vunder, Andrey"]
[Result "1/2-1/2"]
[WhiteElo "2402"]
[BlackElo "2261"]
[PlyCount "63"]
[EventDate "2008.10.03"]
[EventType "swiss"]
[EventRounds "9"]
[EventCountry "RUS"]
[Source "lmi"]
[SourceDate "2008.10.03"]

1. e4 e6 2. d4 d5 3. Nd2 c5 4. exd5 exd5 5. Ngf3 Nf6 6. Bb5+ Bd7 7. Bxd7+ Nbxd7
8. O-O Be7 9. dxc5 Nxc5 10. c3 O-O 11. Nb3 Nce4 12. Bg5 Nxg5 13. Nxg5 Re8 14.
Qd3 Qd7 15. Rad1 Rad8 16. Nd4 h6 17. Ngf3 Ne4 18. Rfe1 Bc5 19. Re2 Re7 20. Qb5
Qc8 21. Nc2 a6 22. Qb3 Re6 23. Ncd4 Ree8 24. Rde1 Qd7 25. Qd1 b5 26. Nc2 Re7
27. Nfd4 Rde8 28. Ne3 Re5 29. f3 Nd6 30. Nec2 Rxe2 31. Rxe2 Nf5 32. Qd3 1/2-1/2

[Event "Chigorin Memorial 2008"]
[Site "St. Petersburg RUS"]
[Date "2008.10.09"]
[Round "7.27"]
[White "Urjubdshzirov, Erdni"]
[Black "Pankov, German"]
[Result "1/2-1/2"]
[WhiteElo "2299"]
[BlackElo "2375"]
[PlyCount "109"]
[EventDate "2008.10.03"]
[EventType "swiss"]
[EventRounds "9"]
[EventCountry "RUS"]
[Source "lmi"]
[SourceDate "2008.10.03"]

1. e4 d6 2. d4 Nf6 3. Bd3 e5 4. c3 Be7 5. Nf3 Nbd7 6. O-O O-O 7. Re1 c6 8. Nbd2
Qc7 9. Nf1 Re8 10. Ng3 Bf8 11. c4 exd4 12. Nxd4 Nc5 13. Bc2 d5 14. exd5 Rxe1+
15. Qxe1 cxd5 16. Bg5 Nfe4 17. Bh4 Qf4 18. Nxe4 dxe4 19. Bg3 Qf6 20. Qe3 Be6
21. Rd1 Bxc4 22. b4 Rd8 23. bxc5 Bxc5 24. Qxe4 Bxd4 25. Qxh7+ Kf8 26. Qh5 g5
27. h4 Rd5 28. Qg4 Qd8 29. hxg5 Bg7 30. g6 Rxd1+ 31. Bxd1 Bxa2 32. Bf3 Be6 33.
Qb4+ Kg8 34. gxf7+ Bxf7 35. Qxb7 Bd4 36. Qe4 Bg7 37. Qg4 Qd4 38. Qf5 Qf6 39.
Qc8+ Bf8 40. Qg4+ Bg7 41. Be4 Qc3 42. Kh2 Qf6 43. Bh4 Be6 44. Bxf6 Bxg4 45.
Bxg7 Kxg7 46. Bc2 Bd7 47. Kg3 a5 48. Kf4 a4 49. Ke5 a3 50. Bb3 Be8 51. Kd4 Kf6
52. Kc3 Ke5 53. Kb4 Bc6 54. g3 Ke4 55. Bd5+ 1/2-1/2

[Event "Chigorin Memorial 2008"]
[Site "St. Petersburg RUS"]
[Date "2008.10.09"]
[Round "7.28"]
[White "Yankovsky, Roman"]
[Black "Biriukov, Oleg V"]
[Result "1-0"]
[WhiteElo "2255"]
[BlackElo "2374"]
[PlyCount "61"]
[EventDate "2008.10.03"]
[EventType "swiss"]
[EventRounds "9"]
[EventCountry "RUS"]
[Source "lmi"]
[SourceDate "2008.10.03"]

1. e4 c5 2. Nf3 d6 3. d4 cxd4 4. Nxd4 Nf6 5. Nc3 a6 6. Be2 e6 7. O-O Be7 8. Be3
O-O 9. f4 Nc6 10. Kh1 Bd7 11. Qe1 b5 12. a3 Qb8 13. Bf3 Nxd4 14. Bxd4 e5 15.
Be3 b4 16. axb4 Qxb4 17. Ra3 Rab8 18. Rb3 Qc4 19. Rxb8 Rxb8 20. b3 Qc7 21. Rf2
Rc8 22. Nd5 Nxd5 23. exd5 Bh4 24. g3 Bf6 25. c4 a5 26. Rc2 a4 27. bxa4 Bxa4 28.
Rc1 exf4 29. Bxf4 Bd4 30. Qb4 Qa7 31. Bxd6 1-0

[Event "Chigorin Memorial 2008"]
[Site "St. Petersburg RUS"]
[Date "2008.10.09"]
[Round "7.30"]
[White "Ivkina, Olga"]
[Black "Utkin, Aleksey"]
[Result "0-1"]
[WhiteElo "2229"]
[BlackElo "2359"]
[PlyCount "74"]
[EventDate "2008.10.03"]
[EventType "swiss"]
[EventRounds "9"]
[EventCountry "RUS"]
[Source "lmi"]
[SourceDate "2008.10.03"]

1. e4 Nf6 2. e5 Nd5 3. d4 d6 4. exd6 exd6 5. Nf3 Be7 6. Be2 O-O 7. O-O Nc6 8.
h3 Bf5 9. c3 Re8 10. Bd3 Qd7 11. a3 Bf6 12. b4 a6 13. Ra2 h6 14. Re2 Rxe2 15.
Qxe2 Bxd3 16. Qxd3 b5 17. c4 bxc4 18. Qxc4 Nce7 19. Nbd2 Qb5 20. Qc2 Nc6 21.
Bb2 g6 22. Rc1 Nce7 23. Nc4 Nf5 24. Na5 Re8 25. Qb3 Nf4 26. Rxc7 d5 27. Ne5
Ne2+ 28. Kh2 Nexd4 29. Ng4 Bg7 30. Bxd4 Nxd4 31. Qg3 Nf5 32. Qf4 h5 33. Rb7 Qe2
34. Qc7 Rf8 35. Ne3 d4 36. Qc4 Qxf2 37. Nxf5 Be5+ 0-1

[Event "Chigorin Memorial 2008"]
[Site "St. Petersburg RUS"]
[Date "2008.10.09"]
[Round "7.31"]
[White "Smirnov, Artem"]
[Black "Merzliakov, Evgeny"]
[Result "1-0"]
[WhiteElo "2460"]
[BlackElo "2210"]
[PlyCount "103"]
[EventDate "2008.10.03"]
[EventType "swiss"]
[EventRounds "9"]
[EventCountry "RUS"]
[Source "lmi"]
[SourceDate "2008.10.03"]

1. d4 e6 2. c4 b6 3. a3 Bb7 4. Nc3 f5 5. d5 Nf6 6. g3 a5 7. Bg2 Bc5 8. Nh3 O-O
9. O-O Na6 10. Bf4 h6 11. Qc2 Qc8 12. Rad1 d6 13. Bc1 e5 14. Qb1 Qe8 15. Kh1 f4
16. gxf4 Qh5 17. f3 Rae8 18. fxe5 dxe5 19. e4 Bc8 20. Ng1 Qh4 21. Bd2 Nh5 22.
Be1 Qg5 23. Nce2 a4 24. Bd2 Qh4 25. Be1 Qg5 26. Qc2 Bd7 27. Qc1 Nf4 28. Nxf4
exf4 29. Bf2 Rf6 30. Qc2 Rg6 31. Bxc5 Nxc5 32. Bh3 Bxh3 33. Nxh3 Qh4 34. Ng1
Re5 35. Qf2 Qh5 36. Ne2 Rf6 37. Nd4 Qe8 38. Rg1 Kh7 39. Nc6 Rh5 40. Qg2 g5 41.
Rge1 Rh4 42. e5 Rxc6 43. dxc6 Qxc6 44. Rd5 Kg7 45. Qe2 Ne6 46. Qe4 Rh3 47. Kg2
g4 48. Red1 gxf3+ 49. Kh1 Ng5 50. Rd7+ Qxd7 51. Rxd7+ Kh8 52. Qa8# 1-0

[Event "Chigorin Memorial 2008"]
[Site "St. Petersburg RUS"]
[Date "2008.10.09"]
[Round "7.33"]
[White "Molchanova, Tatjana"]
[Black "Zhukov, Klim"]
[Result "0-1"]
[WhiteElo "2337"]
[BlackElo "2183"]
[PlyCount "90"]
[EventDate "2008.10.03"]
[EventType "swiss"]
[EventRounds "9"]
[EventCountry "RUS"]
[Source "lmi"]
[SourceDate "2008.10.03"]

1. d4 Nf6 2. c4 g6 3. Nc3 Bg7 4. Nf3 O-O 5. g3 d6 6. Bg2 Nbd7 7. O-O e5 8. h3
exd4 9. Nxd4 Nb6 10. b3 d5 11. c5 Nbd7 12. c6 Ne5 13. cxb7 Bxb7 14. Ba3 Re8 15.
Rc1 Rc8 16. Nf3 Ned7 17. Nb5 Ba6 18. Nxa7 Bxe2 19. Qc2 Bxf1 20. Nc6 Re2 21. Qb1
Bxg2 22. Nxd8 Bxf3 23. Nc6 Be4 24. Qa1 Nh5 25. Nd4 Ne5 26. Kf1 Nf3 27. Bb2 Rxb2
28. Qxb2 Bxd4 29. Qa3 Ne5 30. Qe7 Nd3 31. Rd1 Bc5 32. Qd7 Ra8 33. Rd2 Bb4 34.
Re2 Bd6 35. Qc6 Rf8 36. Re3 Ne5 37. Qb7 f5 38. a4 d4 39. Rxe4 fxe4 40. Kg2 e3
41. f4 Nxf4+ 42. gxf4 Rxf4 43. Qb5 Rf2+ 44. Kg3 Nf7+ 45. Kg4 Rf4+ 0-1

[Event "Chigorin Memorial 2008"]
[Site "St. Petersburg RUS"]
[Date "2008.10.09"]
[Round "7.35"]
[White "Donskov, Anatoly"]
[Black "Pogosian, Vladimir"]
[Result "1-0"]
[WhiteElo "2131"]
[BlackElo "2320"]
[PlyCount "127"]
[EventDate "2008.10.03"]
[EventType "swiss"]
[EventRounds "9"]
[EventCountry "RUS"]
[Source "lmi"]
[SourceDate "2008.10.03"]

1. e4 e5 2. Nf3 d6 3. d4 Nf6 4. Nc3 Nbd7 5. Bc4 Be7 6. O-O O-O 7. Re1 c6 8. a4
b6 9. Ba2 a6 10. h3 Bb7 11. dxe5 dxe5 12. Nh4 Qc7 13. Nf5 Nc5 14. Qf3 Ne6 15.
Qg3 Nh5 16. Nxe7+ Qxe7 17. Qxe5 Nf6 18. Bg5 Rfe8 19. Bxf6 gxf6 20. Qh5 Kh8 21.
Ne2 Rg8 22. Ng3 Rg5 23. Qf3 Rag8 24. Rad1 c5 25. Bd5 Bc8 26. c3 Nf8 27. Kh1 Be6
28. Nf5 Qc7 29. Ne3 R8g6 30. Rd2 Qd7 31. Red1 Qxa4 32. Bxe6 fxe6 33. Rd8 Kg7
34. e5 Rxe5 35. Qb7+ Kh6 36. Ng4+ Rxg4 37. hxg4 Qxg4 38. Qf7 Ng6 39. R8d7 Rh5+
40. Kg1 Qf4 41. R1d3 Qh2+ 42. Kf1 Qh1+ 43. Ke2 Re5+ 44. Kd2 Qe1+ 45. Kc2 Qxf2+
46. Rd2 Qf5+ 47. Kc1 Re1+ 48. Rd1 Re2 49. Qxh7+ Kg5 50. R7d2 Rxd2 51. Rxd2 Qf1+
52. Kc2 Qf5+ 53. Kc1 c4 54. Qc7 Ne5 55. Qg7+ Ng6 56. Qc7 Qf1+ 57. Kc2 e5 58. g3
b5 59. Qb6 Qf3 60. Qxa6 e4 61. Qxb5+ Ne5 62. Qd5 Qf5 63. Qg8+ Ng6 64. Rd5 1-0

[Event "Chigorin Memorial 2008"]
[Site "St. Petersburg RUS"]
[Date "2008.10.09"]
[Round "7.36"]
[White "Fedoseev, Vladimir"]
[Black "Nuretdinov, Igor"]
[Result "1-0"]
[WhiteElo "2312"]
[BlackElo "2174"]
[PlyCount "103"]
[EventDate "2008.10.03"]
[EventType "swiss"]
[EventRounds "9"]
[EventCountry "RUS"]
[Source "lmi"]
[SourceDate "2008.10.03"]

1. Nf3 e6 2. g3 f5 3. d4 Nf6 4. Bg2 Be7 5. c4 O-O 6. Nc3 d5 7. cxd5 exd5 8. Ne5
c6 9. O-O Nbd7 10. Qb3 Kh8 11. Nd3 Ne4 12. f3 Nxc3 13. bxc3 b6 14. c4 Bf6 15.
Bb2 c5 16. Nf4 dxc4 17. Qxc4 Qe7 18. e4 cxd4 19. Nd5 Qc5 20. Qxc5 bxc5 21. exf5
Bb7 22. f4 Bxd5 23. Bxd5 Nb6 24. Bxa8 Rxa8 25. Rac1 c4 26. Rfd1 Rd8 27. g4 h6
28. Kf2 c3 29. Bxc3 dxc3 30. Rxd8+ Bxd8 31. Rxc3 Kg8 32. Kf3 Kf7 33. Ke4 Ke8
34. Ra3 Nc8 35. Ra6 Bb6 36. a4 Nd6+ 37. Kd5 Nc8 38. a5 Ne7+ 39. Ke4 Bg1 40. f6
gxf6 41. Rxf6 Ng8 42. Ra6 Kf7 43. h4 Bf2 44. h5 Nf6+ 45. Kf5 Bd4 46. Rd6 Bc3
47. a6 Kg7 48. Rc6 Bd4 49. Rc7+ Kf8 50. Rc4 Bb2 51. Rc8+ Ne8 52. Ke6 1-0

[Event "Chigorin Memorial 2008"]
[Site "St. Petersburg RUS"]
[Date "2008.10.09"]
[Round "7.37"]
[White "Khakimov, Timur"]
[Black "Lupik, Marina"]
[Result "1-0"]
[WhiteElo "2310"]
[BlackElo "2166"]
[PlyCount "57"]
[EventDate "2008.10.03"]
[EventType "swiss"]
[EventRounds "9"]
[EventCountry "RUS"]
[Source "lmi"]
[SourceDate "2008.10.03"]

1. e4 c5 2. Nf3 d6 3. d4 cxd4 4. Nxd4 Nf6 5. Nc3 a6 6. Rg1 e5 7. Nb3 b5 8. g4
Bb7 9. Bg2 h6 10. Be3 Nbd7 11. a4 b4 12. Nd5 Nxd5 13. exd5 a5 14. Nd2 Nb6 15.
Bf1 Bxd5 16. Bb5+ Nd7 17. Nc4 Bxc4 18. Bxc4 Be7 19. h4 Bxh4 20. Qxd6 Qe7 21.
O-O-O Qxd6 22. Rxd6 Nf6 23. Rh1 Ne4 24. Rd5 Bf6 25. f3 Ng5 26. Bc5 Be7 27. Rxe5
Ne6 28. Bxe6 Bxc5 29. Bd5+ 1-0

[Event "Chigorin Memorial 2008"]
[Site "St. Petersburg RUS"]
[Date "2008.10.09"]
[Round "7.38"]
[White "Melnikov, Dmitry"]
[Black "Minina, Veronika"]
[Result "1-0"]
[WhiteElo "2280"]
[BlackElo "2153"]
[PlyCount "71"]
[EventDate "2008.10.03"]
[EventType "swiss"]
[EventRounds "9"]
[EventCountry "RUS"]
[Source "lmi"]
[SourceDate "2008.10.03"]

1. e4 c5 2. Nf3 e6 3. Nc3 a6 4. g3 b5 5. Bg2 Bb7 6. d3 d6 7. O-O Qc7 8. Re1 Nf6
9. Bf4 Nc6 10. e5 dxe5 11. Nxe5 Bd6 12. Ng4 Nxg4 13. Nd5 Qd8 14. Qxg4 Kf8 15.
Nc3 Rb8 16. Ne4 Bxf4 17. Qxf4 e5 18. Qd2 Nd4 19. c3 Ne6 20. Qe3 Qd5 21. Bf3 f6
22. Rad1 Ke7 23. d4 cxd4 24. cxd4 Nxd4 25. Qa3+ Kd8 26. Qa5+ Ke7 27. Qb4+ Kd8
28. Rxd4 Qxd4 29. Rd1 Qxd1+ 30. Bxd1 Bxe4 31. Qxe4 Kc7 32. Qd5 Rhf8 33. Bf3 Kb6
34. Qd6+ Ka5 35. Qc7+ Kb4 36. Qc3+ 1-0

[Event "Chigorin Memorial 2008"]
[Site "St. Petersburg RUS"]
[Date "2008.10.09"]
[Round "7.41"]
[White "Timofeev, Andrei"]
[Black "Kushka, Alena"]
[Result "1/2-1/2"]
[WhiteElo "2205"]
[BlackElo "2123"]
[PlyCount "113"]
[EventDate "2008.10.03"]
[EventType "swiss"]
[EventRounds "9"]
[EventCountry "RUS"]
[Source "lmi"]
[SourceDate "2008.10.03"]

1. c4 e5 2. Nc3 d6 3. d4 exd4 4. Qxd4 Nc6 5. Qd2 Nf6 6. b3 Be6 7. e4 Be7 8. g3
Nxe4 9. Nxe4 d5 10. Nc3 d4 11. Bb2 dxc3 12. Bxc3 Qxd2+ 13. Kxd2 O-O-O+ 14. Ke2
Bg4+ 15. f3 Bc5 16. Bh3 Rhe8+ 17. Kf1 Bxh3+ 18. Nxh3 Re3 19. Be1 Rxf3+ 20. Kg2
Rfd3 21. Rf1 Ne5 22. Nf4 R3d7 23. h3 c6 24. Bc3 Bd4 25. Bxd4 Rxd4 26. Rae1 Rd2+
27. Rf2 Rxf2+ 28. Kxf2 f6 29. Re2 Rd7 30. g4 Nd3+ 31. Kg3 Nxf4 32. Kxf4 Kd8 33.
h4 Rd4+ 34. Kg3 Kd7 35. Kf3 b5 36. cxb5 cxb5 37. Rc2 a6 38. h5 f5 39. gxf5 Rh4
40. Rg2 Rxh5 41. Rxg7+ Ke8 42. Kf4 Rh2 43. Ke5 a5 44. a4 bxa4 45. bxa4 Rh4 46.
Ke6 Re4+ 47. Kf6 h5 48. Rg8+ Kd7 49. Rg5 h4 50. Rh5 Rxa4 51. Ke5 Rg4 52. f6 Ke8
53. Ke6 Re4+ 54. Kf5 Rb4 55. Rh8+ Kf7 56. Rh7+ Kg8 57. Ra7 1/2-1/2

[Event "Chigorin Memorial 2008"]
[Site "St. Petersburg RUS"]
[Date "2008.10.09"]
[Round "7.42"]
[White "Kuzmin, Yuriy"]
[Black "Shlakich, Anna"]
[Result "1/2-1/2"]
[WhiteElo "2122"]
[BlackElo "2203"]
[PlyCount "71"]
[EventDate "2008.10.03"]
[EventType "swiss"]
[EventRounds "9"]
[EventCountry "RUS"]
[Source "lmi"]
[SourceDate "2008.10.03"]

1. d4 d5 2. c4 c6 3. cxd5 cxd5 4. Nc3 Nf6 5. Nf3 Nc6 6. Bf4 a6 7. Qb3 Na5 8.
Qc2 Nc4 9. e3 b5 10. a4 Qa5 11. Bxc4 bxc4 12. O-O g6 13. e4 Bg7 14. Be5 Bb7 15.
Nxd5 Bxd5 16. exd5 Qxd5 17. Rac1 Rc8 18. Nd2 O-O 19. Qb1 Bh6 20. Rc2 Nd7 21.
Nf3 Nxe5 22. dxe5 Rfd8 23. h3 Rb8 24. Qa2 Rb3 25. a5 Qd3 26. Rc3 Rxc3 27. bxc3
Qxc3 28. e6 f5 29. Qa4 Qb3 30. Qc6 c3 31. Qc7 Rd6 32. Nd4 Rxd4 33. Qxe7 Re4 34.
Qe8+ Kg7 35. Qf7+ Kh8 36. Qe8+ 1/2-1/2

[Event "Chigorin Memorial 2008"]
[Site "St. Petersburg RUS"]
[Date "2008.10.09"]
[Round "7.43"]
[White "Burmakin, Vladimir"]
[Black "Pogosian, Manvel"]
[Result "1-0"]
[WhiteElo "2625"]
[BlackElo "2256"]
[PlyCount "73"]
[EventDate "2008.10.03"]
[EventType "swiss"]
[EventRounds "9"]
[EventCountry "RUS"]
[Source "lmi"]
[SourceDate "2008.10.03"]

1. Nf3 Nf6 2. g3 b6 3. d4 Bb7 4. c4 e6 5. Bg2 Be7 6. Nc3 O-O 7. d5 exd5 8. cxd5
Re8 9. O-O Bb4 10. Nh4 Bxc3 11. bxc3 d6 12. Re1 Ne4 13. Qd3 Qe7 14. c4 Nd7 15.
Bb2 g6 16. Nf3 a5 17. Nd4 Nec5 18. Qc2 Ba6 19. e4 f6 20. f4 Qf8 21. Re2 Re7 22.
Nc6 Rf7 23. e5 fxe5 24. fxe5 dxe5 25. Nxe5 Nxe5 26. Bxe5 Re8 27. Rae1 Bc8 28.
Ba1 Rxe2 29. Qxe2 h5 30. d6 Be6 31. dxc7 Kh7 32. Be5 Qe8 33. Bd6 Rf6 34. Bxc5
bxc5 35. Qe5 Qf8 36. Rd1 Bxc4 37. Qxf6 1-0

[Event "Chigorin Memorial 2008"]
[Site "St. Petersburg RUS"]
[Date "2008.10.09"]
[Round "7.44"]
[White "Ivanov, Alexey"]
[Black "Utkin, Alexander"]
[Result "0-1"]
[WhiteElo "2431"]
[BlackElo "2196"]
[PlyCount "80"]
[EventDate "2008.10.03"]
[EventType "swiss"]
[EventRounds "9"]
[EventCountry "RUS"]
[Source "lmi"]
[SourceDate "2008.10.03"]

1. e4 c5 2. Nf3 Nc6 3. d4 cxd4 4. Nxd4 Nf6 5. Nc3 e5 6. Ndb5 d6 7. Bg5 a6 8.
Na3 b5 9. Bxf6 gxf6 10. Nd5 Bg7 11. c3 f5 12. exf5 Bxf5 13. Nc2 Be6 14. g3 O-O
15. Bg2 a5 16. O-O f5 17. f4 e4 18. Kh1 b4 19. Nce3 Ne7 20. cxb4 Nxd5 21. Nxd5
axb4 22. Rf2 Bxd5 23. Qxd5+ Kh8 24. Rd1 Qa5 25. Qe6 Qxa2 26. Qxd6 Qa5 27. Re1
Rad8 28. Qe6 b3 29. Ref1 Qb4 30. g4 Rde8 31. Qd7 e3 32. Re2 Bxb2 33. Qd3 Bd4
34. gxf5 b2 35. Be4 Rc8 36. Ree1 Qd2 37. Rd1 Qxd3 38. Bxd3 Rc3 39. Kg2 Rfc8 40.
Kf3 Rxd3 0-1

[Event "Chigorin Memorial 2008"]
[Site "St. Petersburg RUS"]
[Date "2008.10.09"]
[Round "7.46"]
[White "Androsov, Sergey"]
[Black "Bodnaruk, Anastasia"]
[Result "0-1"]
[WhiteElo "2078"]
[BlackElo "2381"]
[PlyCount "94"]
[EventDate "2008.10.03"]
[EventType "swiss"]
[EventRounds "9"]
[EventCountry "RUS"]
[Source "lmi"]
[SourceDate "2008.10.03"]

1. e4 c5 2. Nf3 d6 3. d4 cxd4 4. Nxd4 Nf6 5. Nc3 a6 6. Bg5 e6 7. Qd2 Nbd7 8.
O-O-O Qc7 9. Be2 b5 10. Bxf6 Nxf6 11. Bf3 Bb7 12. Rhe1 Be7 13. g4 Nd7 14. Be2
Nc5 15. a3 O-O 16. Bd3 Rac8 17. Kb1 Rfd8 18. f4 Qb6 19. Nf3 Bc6 20. f5 Rb8 21.
b4 Nxd3 22. Qxd3 a5 23. Nd4 Bd7 24. Nb3 axb4 25. axb4 Bf6 26. g5 Be5 27. Ne2
Ra8 28. Ned4 Ra4 29. c3 Rda8 30. Re2 Ra3 31. Rdd2 Bxd4 32. cxd4 Qa6 33. Qc3 Qa4
34. Rb2 Ra1+ 35. Nxa1 Qd1+ 36. Qc1 Rxa1+ 37. Kxa1 Qxc1+ 38. Ka2 Qc4+ 39. Kb1
Qxd4 40. e5 Qd1+ 41. Ka2 exf5 42. Rbc2 Be6+ 43. Kb2 Qd4+ 44. Kc1 dxe5 45. Rb2
e4 46. Red2 Qc3+ 47. Kb1 g6 0-1